00292 a2200133 4500001000700000020001800007040001100025100001400036240004200050245003700092300000700129362000900136440001300145167204 a85-262-3113-8 cMagnum aLima, Edy10aÍndio cantado em prosa e versolpor10aÍndio cantado em prosa e verso a230 a1997 1aScipione